000 00388nam a2200169Ia 4500
008 210210b1933 xxu||||| |||| 00| 0 eng d
041 _aeng
082 _a335/133
100 _aHATCH (D S)
245 _aUp from poverty
260 _aBombay
_bOxford University Press
_c1933
650 _aUp
650 _apoverty
650 _afrom
690 _aIndian Economics
906 _a004476
999 _c125629
_d125629